Alle Gewinner von "DSDS" - Statistiken

Allgemein
  • Dieses Quiz wurde 177 mal gespielt
  • Das Durchschnittsergebnis liegt bei 11 aus 20
Antwortstatistiken
Jahr 🚩 Gewinner/-in % Korrekt
2004 🇩🇪 Alexander Klaws
87%
2013 🇨🇭 Beatrice Egli
87%
2011 🇩🇪 Pietro Lombardi
86%
2007 🇩🇪 Mark Medlock
80%
2012 🇨🇭 Luca Hänni
79%
2005 🇩🇪 Elisabeth "Elli" Erl
64%
2009 🇩🇪 Daniel Schuhmacher
63%
2016 🇿🇦 Prince Damien Ritzinger
63%
2010 🇮🇷 🇩🇪 Mehrzad Marashi
61%
2006 🇩🇪 Tobias Regner
59%
2008 🇩🇪 🇵🇱 Thomas Godoj
55%
2014 🇵🇱 Aneta Sablik
53%
2017 🇺🇸 Alphonso Williams
51%
2018 🇩🇪 Marie Wegener
51%
2020 🇩🇪 Ramon Roselly
42%
2019 🇩🇪 Davin Herbrüggen
36%
2021 🇩🇪 Jan - Marten Block
30%
2015 🇩🇪 Severino Seeger
29%
2023 🇩🇪 Sem Eisinger
28%
2022 🇩🇪 Harry Marcello Laffontien
21%
Keine übereinstimmenden Quizze gefunden
Verteilung der Resultate
Anzahl Personen mit jedem Resultat
Perzentil nach korrekt beantworteten Fragen
Ihre Resultats-Entwicklung
Sie haben dieses Quiz noch nicht gespielt